00585nam a2200169 i 450000100060000000300090000600500170001500700030003200800410003510000480007624500640012426000350018830000210022385200320024499900170027695201220029345489ES-MaACL20230906161227.0t|030326s1971 sp ||||1| spa d1 aColina Unda, Francisco Javier de la.93960110aPoemas santiagueses / cFrancisco Javier de la Colina Unda. aLa Coruña : bMoret, c1971. a69 p. ; c22 cm. aES-MaACLjC-42217 bR.78871 c45489d45489 00104070aATENEOMbATENEOMcDEPO2d2008-01-17eSCl0oC-42217p1047862r2023-02-23 00:00:00w2023-02-23yMONOGRAFIA